000 00610nam a2200253Ia 4500
003 OSt
005 20221005090448.0
006 a|||||r|||| 00| 0
007 ta
008 221004b |||||||| |||| 00| 0 eng d
024 _a68226
037 _cTextual
040 _aCRL
_cCRL
_beng
041 _2eng
_aeng
082 _aX:8, M3
100 _aFulmer Robert M.
245 0 _aNew management
250 _a3rd
260 _aNew York
_bMacmillan USA
_c1983
300 _a526p.
_ccm.
650 _aMANAGEMENT
942 _hX:8, M3
_cTEXL
_2cc
999 _c995822
_d995822